| 000 | 00565nam a2200193 a 4500 | ||
|---|---|---|---|
| 005 | 20140311163040.0 | ||
| 008 | 111027s19uu xx 00 eng d | ||
| 020 | _a9789719900016 | ||
| 050 |
_aRJ 401 _b.St888 2011 |
||
| 100 | _aSto. Tomas, Marco Antonio | ||
| 245 |
_aIntegrated managemet of childhood illness chart booklet / _cMarco Antonio Sto. Tomas. |
||
| 250 | _a2011 ed. | ||
| 260 |
_aQuezon City : _bC&E, _c2011. |
||
| 300 |
_a71 p. : _bill. col. ; _c23 cm. |
||
| 521 | _aNUR | ||
| 650 | _aChildhood illness | ||
| 942 |
_cBK _2lcc _kFOR |
||
| 999 |
_c39728 _d39728 |
||